| 000 | 00748nam a2200265 4500 | ||
|---|---|---|---|
| 999 |
_c8829 _d8829 |
||
| 001 | 8829 | ||
| 003 | BD-JhCC | ||
| 005 | 20180712120755.0 | ||
| 008 | 680301r1967 enkaf 000 0 eng | ||
| 035 | _a(BD-JhCC)8829 | ||
| 040 |
_aDLC _cDLC _dDLC _dBD-JhCC |
||
| 041 | _aeng | ||
| 050 | 0 | 0 |
_aTL151 _b.I7 1967 |
| 082 | 0 | 0 |
_a629.22/22 _bIRE 1967 |
| 100 | 1 |
_aIreson, Robert, _d1929- |
|
| 245 | 1 | 4 |
_aThe Penguin car handbook / _cRobert Ireson, |
| 250 | _a1st ed. reprinted with revisions. | ||
| 260 |
_aHarmondsworth, _bPenguin, _c1967. |
||
| 300 |
_a379 p. _billus., 8 plates, diagrs. _c18 1/2 cm. |
||
| 350 | _a8/6 | ||
| 490 | 0 | _aPenguin handbooks, PH55 | |
| 650 | 0 |
_aAutomobiles _xHandbooks, manuals, etc. |
|
| 942 |
_2ddc _cBK |
||